Music Quiz

Random Music or Country Music Quiz
Score 0/25 Timer 07:00
0 Plays Today
% Correct
Carrie Underwood
78.1%
Gretchen Wilson
68.8%
Miranda Lambert
67.2%
Deana Carter
57%
Toby Keith
56.3%
George Strait
53.9%
Eric Church
52.3%
Kenny Chesney
50%
Keith Urban
49.2%
Blake Shelton
48.4%
The Band Perry
47.7%
Lady Antebellum
44.5%
Shania Twain
42.2%
% Correct
Dierks Bentley
41.4%
Faith Hill
39.8%
Lauren Alaina
39.8%
Garth Brooks
38.3%
Darius Rucker
36.7%
Tim McGraw
33.6%
Clint Black
33.6%
Reba McEntire
27.3%
Trisha Yearwood
27.3%
Martina McBride
26.6%
Dolly Parton
21.1%
LeAnn Rimes
19.5%
Remove Ads.
Support Sporcle.
Get the best of Sporcle when you Go Orange. This ad-free experience offers more features, more stats, and more fun while also helping to support Sporcle. Thank you for becoming a member.

You're not logged in!

Compare scores with friends on all Sporcle quizzes.
OR
Log In

Show Comments

Extras

Top Quizzes Today


Score Distribution

Your Account Isn't Verified!

In order to create a playlist on Sporcle, you need to verify the email address you used during registration. Go to your Sporcle Settings to finish the process.

Report this User

Report this user for behavior that violates our Community Guidelines.

Details: